| 000 | 004630000a22001810004500 | ||
|---|---|---|---|
| 003 | MACL | ||
| 005 | 20150705161444.0 | ||
| 008 | 150705b xxu||||| |||| 00| 0 eng d | ||
| 040 |
_aMACL _cMACL |
||
| 041 | _aEnglish | ||
| 082 | _a340/VAI | ||
| 100 |
_aVaidya,Dr. A. A. _9954 |
||
| 245 | _aIndustry & Industrial Disputes-The Judicial Trend | ||
| 260 |
_aNew Delhi _bA. K. Publications _c2009 |
||
| 350 | _a895 | ||
| 650 |
_aLow _9955 |
||
| 942 |
_cBK _k340/VAI _2ddc |
||
| 999 |
_c48478 _d48478 |
||